=LDR 00000nam 2200000 4500 =001 INLIS000000000012167 =005 20130612103715 =008 ***********************************Ind** =035 ##$$0010-061300000012167 =041 ##$$a Ind =082 ##$$a 530.07 =090 ##$$a 530.07, suk s =100 ##$$a Sukabdiyah, Sri =245 ##$$a Seri keterampilan proses IPA Fisika untuk SLTP, Sri Sukabdiyah =260 ##$$a 2000 $b Jakarta =300 ##$$a ...Jil, Ilus, 25 cm =650 ##$$a Fisika =650 ##$$a Studi dan pengajaran =850 ##$$a NBPNMAT